000 00397nam a2200145Ia 4500
999 _c4156
_d4156
008 200103s9999||||xx |||||||||||||| ||und||
020 _a9780582274563
082 _aColumn-28
100 _aEastop, T.D.
245 0 _aApplied Thermodynamics for Engineering Technologists
250 _a5th ed.
260 _bEducational Low-Priced Books Scheme
_c1995
_aEngland
300 _axix, 715p.
942 _cBK